00473nam a2200193Ia 4500003000400000005001700004008004100021020001500062040000700077041001200084082001700096100001800113245002900131260004000160300002800200365001300228650001500241650002300256OSt20250710171546.0210423s2005 xx 000 0 und d a8126123494 cAL aEnglish a070.4 bAHMA aShahzad Ahmad aArt of modern journalism aNew DelhibAnmol Publicationsc2005 avii,382p.bPBc21x14cm. b275cINR aJournalism aJournalism & Media